000 01576nam0a22003491 4500
001 RU\NLR\A1\25887
005 20251203152403.2
035 _a(NLR Aleph) 009680208
090 _a9698728
_c9698728
100 _a19990622d1787 a y0rusy50 ca
101 0 _arus
102 _aRU
200 1 _aКраткая, священная и гражданская история, от зачатия мира по вознесение Христово чрез семь округов продолжаемая,
_fИ для юношества как из Священных книг, или всей Библии, так и гражданских латинских историков. Выбранная трудами одного россианина, латинских школ, и реторики в Твери бывшаго учителя
210 _aМ.
_cТип. Хр. Клаудия
_d1787
215 _a[17], 240 с.
_d
304 _aВ конце посвящ. авт.: Гаврила Щеголев
321 1 _aСК XVIII 8518
620 _dМосква
700 1 _aЩеголев
_bГ.
_gГавриил
_4070
702 1 _aКлаудий
_bХ.А.
_f-1805
_gХристофор Александрович
_4610
712 0 0 _aКлаудий
_gХ.А.
_hТипография при Театре
_cМосква
_4610
801 0 _aRU
_bNLR
_c19990622
852 _aNLR
_j18.82.5.10
852 _aNLR
_j138/2377
899 _aКУНБ
899 _aРГБ
899 _aБАН
899 _aГПИБ
942 _cBOOK
980 _aNB
980 _aA1XVIIIv